000 00581nam a2200217Ia 4500
003 OSt
005 20220924142934.0
006 a|||||r|||| 00| 0
007 ta
008 220923b |||||||| |||| 00| 0 ori d
024 _a304044
037 _cTextual
040 _aARTS
_cARTS
_bORI
041 _2ORI
_aORI
082 _aO152,3NDW,1, 1591K2
100 _aDas upendra Kumar
_9214404
245 0 _aBanabhattar atmakatha
650 _aORIYA LITERATURE
_927692
942 _hO152,3NDW,1, 1591K2
_cTEXL
_2CC
999 _c452599
_d452599